书目信息 |
| 题名: |
让孩子远离听力障碍
|
|
| 作者: | 汪贺媛 , 曹丽敏 , 李健鹰 主编 | |
| 分册: | ||
| 出版信息: | 北京 华夏出版社 2009 |
|
| 页数: | 267页 | |
| 开本: | 21cm | |
| 丛书名: | ||
| 单 册: | ||
| 中图分类: | R764.43 | |
| 科图分类: | ||
| 主题词: | 小儿疾病--听力障碍--防治 | |
| 电子资源: | ||
| ISBN: | 978-7-5080-5423-0 | |
| 000 | 01171nam0 2200277 450 | |
| 001 | 1538464917 | |
| 005 | 20150131104116.18 | |
| 010 | @a978-7-5080-5423-0@dCNY23.20 | |
| 100 | @a20100430d2009 em y0chiy50 ea | |
| 101 | 0 | @achi |
| 102 | @aCN@b110000 | |
| 105 | @aa z 000yy | |
| 200 | 1 | @a让孩子远离听力障碍@9rang hai zi yuan li ting li zhang ai@e儿童听力障碍早期发现及干预@f汪贺媛,曹丽敏,李健鹰主编 |
| 210 | @a北京@c华夏出版社@d2009 | |
| 215 | @a267页@c图@d21cm | |
| 300 | @a长江新里程计划 李嘉诚基金会资助 残疾预防与康复/李建军主编 | |
| 304 | @a中国康复研究中心,中国残联社会服务指导中心组织编写 | |
| 330 | @a本书介绍了听力学和耳聋的基础知识,儿童耳聋常见的原因和表现,儿童耳聋的预防及治疗,助听器的装配、人工耳蜗的植入等知识,还介绍了聋儿听力语言康复训练的一些基本方法及注意事项。 | |
| 517 | 1 | @a儿童听力障碍早期发现及干预@9er tong ting li zhang ai zao qi fa xian ji gan yu |
| 606 | 0 | @a小儿疾病@x听力障碍@x防治 |
| 690 | @aR764.43@v5 | |
| 701 | 0 | @a汪贺媛@9wang he yuan@c(女)@4主编 |
| 701 | 0 | @a曹丽敏@9cao li min@c(女,@f1955~)@4主编 |
| 701 | 0 | @a李健鹰@9li jian ying@c(医学)@4主编 |
| 801 | 0 | @aCN@bTSSF@c20150131 |
| 905 | @aZUCC@dR764.43@eJY1 | |
| 让孩子远离听力障碍:儿童听力障碍早期发现及干预/汪贺媛,曹丽敏,李健鹰主编.-北京:华夏出版社,2009 |
| 267页:图;21cm |
| 长江新里程计划 李嘉诚基金会资助 残疾预防与康复/李建军主编 |
| ISBN 978-7-5080-5423-0:CNY23.20 |
| 本书介绍了听力学和耳聋的基础知识,儿童耳聋常见的原因和表现,儿童耳聋的预防及治疗,助听器的装配、人工耳蜗的植入等知识,还介绍了聋儿听力语言康复训练的一些基本方法及注意事项。 |
| ● |
| 相关链接 |
|
|
|
|
正题名:让孩子远离听力障碍
索取号:R764.43/JY1
 
预约/预借
| 序号 | 登录号 | 条形码 | 馆藏地/架位号 | 状态 | 备注 |
| 1 | 7846425 | 278464252 | 学院路分馆/ [索取号:R764.43/JY1] | 在馆 |